| 000 | 00734nab a2200193 4500 | ||
|---|---|---|---|
| 001 | 244442 | ||
| 003 | OSt | ||
| 005 | 20240806090150.0 | ||
| 007 | tu | ||
| 008 | 200917s2020||||||| | ||
| 040 |
_aDE-2950 _cDE-2950 |
||
| 245 | 0 | 0 |
_a"Sichtbarkeit des Ordnungsamtes erhöhen" _bInterview. Claus Junghanns, Bürgermeister der Stadt Frankfurt (Oder) und Beigeordneter für Ordnung und Sicherheit, spricht über die jüngsten Gewalttaten in der Stadt und wie er die Sicherheit bewertet/ _cSelim Pekel |
| 264 | _c2024 | ||
| 653 | _aFrankfurt (Oder) | ||
| 653 | _aClaus Junghanns | ||
| 653 | _aÖffentliche Sicherheit | ||
| 773 | 0 |
_g35. Jahrgang (2024) Nr. 181 vom 05.08.2024, S. 13, mit Foto _tMärkische Oderzeitung |
|
| 942 |
_2z _cA |
||
| 999 |
_c373284 _d373284 |
||